[Event "DSOL 06 Liga Gr-B 1st"]
[Site "Playchess.com INT"]
[Date "2020.07.24"]
[Round "5.2"]
[White "Ebermayer, Anton"]
[Black "Malchereck, Zion"]
[Result "0-1"]
[WhiteElo "1624"]
[BlackElo "1635"]
[PlyCount "68"]
[EventDate "2020.06.22"]
[EventType "team-tourn (rapid)"]
[EventCountry "GER"]
[SourceTitle "EXT 2021"]
[Source "ChessBase"]
[SourceDate "2020.10.23"]
[SourceVersion "1"]
[SourceVersionDate "2020.10.23"]
[SourceQuality "1"]
[WhiteTeam "Gern SF II"]
[BlackTeam "Hamburger SK VII"]
[WhiteTeamCountry "GER"]
[BlackTeamCountry "GER"]

1. e4 c5 2. Nf3 Nc6 3. d4 cxd4 4. Nxd4 e5 5. Nb3 Nf6 6. Bg5 h6 7. Bxf6 Qxf6 8. Bd3 Be7 9. 0-0 0-0 10. Nc3 d6 11. Nd5 Qg6 12. Na5 Bg5 13. Nxc6 bxc6 14. Nc3 Bb7 15. Qg4 Bc8 16. Qf3 Bf4 17. h3 Rd8 18. Ne2 Bg5 19. Qg3 Qe6 20. b3 d5 21. Rad1 d4 22. h4 Bf6 23. f4 Qe7 24. f5 Bxh4 25. Qg4 Bg5 26. Ng3 Rd6 27. Qe2 Be3+ 28. Rf2 Bxf2+ 29. Qxf2 c5 30. Bc4 Ba6 31. Bd5 Bb7 32. Bxb7 Qc7 33. Rf1 Qxb7 34. Nh5 f6 0-1

[Event "DSOL 06 Liga Gr-B 1st"]
[Site "Playchess.com INT"]
[Date "2020.07.10"]
[Round "3.1"]
[White "Ebermayer, Anton"]
[Black "Roebke, Martin"]
[Result "1/2-1/2"]
[WhiteElo "1624"]
[BlackElo "1711"]
[PlyCount "148"]
[EventDate "2020.06.22"]
[EventType "team-tourn (rapid)"]
[EventCountry "GER"]
[SourceTitle "EXT 2021"]
[Source "ChessBase"]
[SourceDate "2020.10.23"]
[SourceVersion "1"]
[SourceVersionDate "2020.10.23"]
[SourceQuality "1"]
[WhiteTeam "Gern SF II"]
[BlackTeam "Dresden Striesen II"]
[WhiteTeamCountry "GER"]
[BlackTeamCountry "GER"]

1. e4 e5 2. Nf3 Nf6 3. Nc3 Nc6 4. Bb5 a6 5. Bxc6 dxc6 6. 0-0 Bd6 7. d4 Bg4 8. dxe5 Bxf3 9. Qxf3 Bxe5 10. Rd1 Qc8 11. Bf4 Qe6 12. Bxe5 Qxe5 13. Rd3 0-0 14. Rad1 Rfe8 15. Re1 Rad8 16. h3 Rd6 17. Rxd6 cxd6 18. Qe3 d5 19. exd5 Qxe3 20. fxe3 Nd7 21. dxc6 bxc6 22. Kf2 Nc5 23. Rd1 g6 24. Rd6 Re6 25. Rxe6 Nxe6 26. a3 a5 27. Ke2 h5 28. Ne4 Kg7 29. Nd6 Kf6 30. Nc4 a4 31. Na5 c5 32. Nc4 g5 33. Nb6 Ke5 34. Nxa4 f5 35. Nc3 f4 36. a4 g4 37. a5 fxe3 38. Kxe3 Nd4 39. Kd3 Nc6 40. Na4 Kd6 41. hxg4 hxg4 42. Ke4 Nxa5 43. Kf4 Nc4 44. Kxg4 Ne3+ 45. Kf3 Nxc2 46. g4 Nd4+ 47. Ke4 Ne6 48. Kf5 Nd4+ 49. Kg6 Ne2 50. g5 c4 51. Kf6 Nf4 52. Kf5 Nd5 53. g6 Ne7+ 54. Kf6 Nxg6 55. Kxg6 Kd5 56. Kf5 Kd4 57. Kf4 Kd3 58. Ke5 Kc2 59. Kd4 Kb3 60. Kc5 Kxa4 61. Kxc4 Ka5 62. Kc5 Ka6 63. b4 Ka7 64. Kc6 Kb8 65. b5 Kc8 66. Kb6 Kb8 67. Ka6 Ka8 68. b6 Kb8 69. Kb5 Kb7 70. Kc5 Kb8 71. Kc6 Ka8 72. Kb5 Kb7 73. Ka5 Kb8 74. Ka6 Ka8 1/2-1/2